Observando sistemas: nuevas apropiaciones y usos de la teoría de Niklas Luhmann
Zapisane w:
| Główni autorzy: | , |
|---|---|
| Format: | Książka |
| Język: | hiszpański |
| Wydane: |
Santiago
Ril Editores
2006
|
| Wydanie: | 1a. ed |
| Hasła przedmiotowe: | |
| Etykiety: |
Dodaj etykietę
Nie ma etykietki, Dołącz pierwszą etykiete!
|
MARC
| LEADER | 00000cam a2200000 a 4500 | ||
|---|---|---|---|
| 001 | UCF8660 | ||
| 003 | CL-VaPUC | ||
| 005 | 20211027074145.0 | ||
| 008 | 130930e20060300cl |||||||||||||||||spa|d | ||
| 999 | |c 353227 |d 353225 | ||
| 020 | |a 9789562844862 | ||
| 040 | |c Pontificia Universidad Católica de Valparaíso | ||
| 082 | 0 | 4 | |a 301 |b FAR |2 21 |
| 100 | 0 | |a Farías, Ignacio |e author |9 570796 | |
| 245 | 1 | 0 | |a Observando sistemas: nuevas apropiaciones y usos de la teoría de Niklas Luhmann |
| 250 | |a 1a. ed | ||
| 260 | |a Santiago |b Ril Editores |c 2006 | ||
| 300 | |a 392 p | ||
| 583 | |a last modification |c 20130930 13:19:00 |k Rodrigo Vera | ||
| 600 | |a Luhmann, Niklas, |d 1927-1998 |9 861237 | ||
| 650 | 0 | |a Teoría de sistemas |9 260742 | |
| 700 | 0 | |a Ossandón, José |e author |9 570797 | |
| 942 | |c BK |2 ddc | ||
| 945 | |d 20130930 13:19:00 |a dcastane | ||
| 952 | |0 0 |1 0 |3 erb |4 0 |6 301_000000000000000_FAR_2006 |7 0 |8 A |9 458309 |a BIBCUR |b BIBCUR |d 2019-11-23 |i 5011620 |o 301 FAR 2006 |p 5011620 |r 2025-04-22 |w 2019-11-23 |y BK |z Catalogado en:20130930 |k PER | ||